| 000 | 00886nam a22002897a 4500 | ||
|---|---|---|---|
| 003 | CHAP | ||
| 005 | 20220817041819.0 | ||
| 008 | 971013s1968 r 00010 d | ||
| 010 | _a25375 | ||
| 011 | _a26347 | ||
| 035 | _a30448 | ||
| 040 | _cCHAP | ||
| 082 |
_a338.9 _bB78Y |
||
| 100 | 0 | 0 |
_aBruton, Henry J. _915818 |
| 245 | _aPrincipios de desarrollo económico | ||
| 260 |
_aBuenos Aires : _bArgetina, _c1968 |
||
| 300 | _a501 p. | ||
| 590 |
_aBATCH-UPD _b10 _c20130110 _lUCH01 _h1025 |
||
| 590 |
_aBATCH-UPD _b10 _c20130410 _lUCH01 _h0629 |
||
| 590 |
_aBATCH-UPD _b10 _c20130914 _lUCH01 _h1149 |
||
| 590 |
_aCONVERSION _b10 _c20130109 _lUCH01 _h1315 |
||
| 650 | 1 | 4 | _aDesarrollo económico. |
| 901 | _aBK | ||
| 942 | _cLIBRO | ||
| 949 |
_a338.9 B78Y _bBC _cLIBRO _d33724000416764 _eLIBRO _h26609 _i30448 _si |
||
| 949 |
_a338.9 B78Y _bBC _cLIBRO _d33724000939427 _eLIBRO _fc.2 _h26621 _i30448 _si |
||
| 999 |
_c25375 _d25375 |
||